Visualizzazione normale
Vista MARC
- Barcia y Zambrana, José de,
di Personal Name
Records bibliografici associati: 1
001 - CONTROL NUMBER
- control field: 72162
003 - CONTROL NUMBER IDENTIFIER
- control field: IT-RoINE
005 - DATE AND TIME OF LATEST TRANSACTION
- control field: 20230913103536.0
008 - FIXED-LENGTH DATA ELEMENTS
- fixed length control field: 230913|| aca||aabn | a|a d
040 ## - CATALOGING SOURCE
- Original cataloging agency: IT-RoINE
100 1# - HEADING--PERSONAL NAME
- Personal name: Barcia y Zambrana, José de,
- Titles and other words associated with a name: Obispo de Cádiz,
- Dates associated with a name: m. 1º695